Witamy w Bibliotece Naukowej Instytutu Łączności!

Merici pristroje pro sdelovaci techniku / (Rekord nr 7798)

000 -LEADER
fixed length control field 00310 a2200097 4500
100 1# - MAIN ENTRY--PERSONAL NAME
Personal name Kochanek, Vaclav.
Relator term Autor
245 0# - TITLE STATEMENT
Title Merici pristroje pro sdelovaci techniku /
Statement of responsibility, etc Kochanek Vaclav.
250 ## - EDITION STATEMENT
Edition statement Vyd.2 preprac..
260 ## - PUBLICATION, DISTRIBUTION, ETC. (IMPRINT)
Place of publication, distribution, etc Praha :
Name of publisher, distributor, etc TESLA-Strasnice,
Date of publication, distribution, etc 1971.
300 ## - PHYSICAL DESCRIPTION
Extent 412 s.;
Dimensions 24 cm.
710 2# - ADDED ENTRY--CORPORATE NAME
Corporate name or jurisdiction name as entry element TESLA-Strasnice.
Relator term Wydawca
Relator code pbl
Egzemplarze
Withdrawn status Lost status Source of classification or shelving scheme Damaged status Not for loan Permanent Location Current Location Shelving location Date acquired Cost, normal purchase price Inventory number Full call number Barcode Date last seen Price effective from Koha item type
          Instytut Łączności Instytut Łączności Magazyn 1972-06-03 0.00 27763 27763 27763 2022-08-10 2017-11-30 Książki

Działa dzięki Koha